[Event "Team men PL chess 2021"]
[Site "?"]
[Date "2021.05.10"]
[Round "9.3"]
[White "Paravyan, David"]
[Black "Kobalia, Mikhail"]
[Result "1/2-1/2"]
[WhiteElo "2647"]
[BlackElo "2587"]
[PlyCount "108"]
[EventDate "2021.??.??"]

1.d4 d5 2.c4 c6 3.cxd5 cxd5 4.Bf4 e6 5.e3 Bd6 6.Bxd6 Qxd6 7.Nc3
Ne7 8.Bd3 Nbc6 9.Nf3 Bd7 10.O-O O-O 11.Rc1 Rfc8 12.Nb5 Qb8 13.a3
Be8 14.Qd2 f6 15.e4 Bh5 16.Qe3 a6 17.Nc3 Bxf3 18.Qxf3 Nxd4 19.Qg4
dxe4 20.Qxe4 Nef5 21.Kh1 Rc5 22.f4 Qd8 23.g4 Ne7 24.Qxh7+ Kf7
25.f5 exf5 26.Qh5+ Kg8 27.Rcd1 Qe8 28.Qxe8+ Rxe8 29.Bb1 Nec6
30.gxf5 Rce5 31.Kg2 b5 32.Rf4 Ne2 33.Ba2+ Kf8 34.Nxe2 Rxe2+ 35.Rf2
Rxf2+ 36.Kxf2 Ne5 37.Be6 Ke7 38.h4 Rh8 39.Kg3 Rd8 40.Rxd8 Kxd8
41.b4 Nc6 42.Bd5 Nd4 43.Be4 Kd7 44.Kg4 Kd6 45.Bb7 Nc2 46.Bxa6
Nxa3 47.Kh5 Ke7 48.Kg6 Kf8 49.h5 Nc2 50.Bxb5 Nxb4 51.h6 gxh6
52.Kxf6 Nd5+ 53.Kg6 Ne7+ 54.Kxh6 Nxf5+ 1/2-1/2

[Event "Team men PL chess 2021"]
[Site "?"]
[Date "2021.05.10"]
[Round "9.4"]
[White "Murzin, Volodar"]
[Black "Riazantsev, Alexander"]
[Result "1/2-1/2"]
[WhiteElo "2478"]
[BlackElo "2631"]
[PlyCount "90"]
[EventDate "2021.??.??"]

1.e4 c5 2.Nf3 d6 3.d4 cxd4 4.Qxd4 Nc6 5.Qe3 Nf6 6.Be2 g6 7.O-O
Bg7 8.Rd1 O-O 9.Nc3 Bg4 10.Nd5 Nd7 11.c3 e6 12.Nf4 Qc7 13.h3
Bxf3 14.Bxf3 b5 15.Qd2 b4 16.Qxd6 Qxd6 17.Rxd6 bxc3 18.bxc3 Bxc3
19.Rb1 Nde5 20.Ne2 Ba5 21.Nd4 Nxd4 22.Rxd4 Bb6 23.Rd2 f5 24.exf5
Nxf3+ 25.gxf3 exf5 26.Kg2 Rfe8 27.Rb3 Rac8 28.Bb2 Rcd8 29.Rxd8
Rxd8 30.Bc1 Rd6 31.Kg3 Rc6 32.Be3 Bc7+ 33.Bf4 Bxf4+ 34.Kxf4 Ra6
35.Kg5 Rxa2 36.Rb8+ Kf7 37.Rb7+ Ke6 38.Rxh7 Rxf2 39.Rxa7 Rg2+
40.Kh6 Rg3 41.f4 Rxh3+ 42.Kxg6 Rg3+ 43.Kh5 Rh3+ 44.Kg6 Rg3+ 45.Kh5
Rh3+ 1/2-1/2

[Event "Team men PL chess 2021"]
[Site "?"]
[Date "2021.05.10"]
[Round "9.5"]
[White "Yuffa, Daniil"]
[Black "Savchenko, Boris"]
[Result "0-1"]
[WhiteElo "2587"]
[BlackElo "2538"]
[PlyCount "124"]
[EventDate "2021.??.??"]

1.d4 e6 2.c4 d5 3.Nf3 Nf6 4.g3 dxc4 5.Bg2 Nc6 6.Qa4 Bb4+ 7.Bd2
Nd5 8.Bxb4 Ndxb4 9.O-O Rb8 10.Na3 O-O 11.Qb5 b6 12.Qxc4 Ba6 13.Nb5
Qe8 14.Rfc1 Nd5 15.Qxc6 Qxc6 16.Rxc6 Bxb5 17.Rc2 Rfc8 18.Ne5
c5 19.dxc5 Rxc5 20.Rxc5 bxc5 21.Rc1 f6 22.Bh3 Rb6 23.Nc4 Bxc4
24.Rxc4 Kf7 25.e4 Ne7 26.Rxc5 Rxb2 27.a4 Rb6 28.e5 Rc6 29.Rb5
f5 30.Bf1 Rc7 31.a5 g5 32.a6 Ng6 33.Rb7 Re7 34.Bb5 Nxe5 35.f4
gxf4 36.gxf4 Ng6 37.Bd7 Kf6 38.Kf1 h6 39.h4 h5 40.Kg1 Rg7 41.Kf1
Re7 42.Kg1 Rg7 43.Kf1 Nxf4 44.Rxa7 Rg2 45.Bb5 Ra2 46.Rd7 e5 47.Rd6+
Ke7 48.Rd7+ Kf6 49.a7 Ra1+ 50.Kf2 Ke6 51.Bc6 Ra2+ 52.Ke3 Ra3+
53.Kd2 e4 54.Kc2 e3 55.Kb2 Ra5 56.Rd8 Rxa7 57.Re8+ Re7 58.Rxe7+
Kxe7 59.Kc3 Kf6 60.Bb7 Kg7 61.Bc8 Ng2 62.Kd3 f4 0-1

[Event "Team men PL chess 2021"]
[Site "?"]
[Date "2021.05.10"]
[Round "9.6"]
[White "Demidov, Mikhail"]
[Black "Kryakvin, Dmitry"]
[Result "1-0"]
[WhiteElo "2523"]
[BlackElo "2577"]
[PlyCount "121"]
[EventDate "2021.??.??"]

1.d4 Nf6 2.c4 e6 3.Nf3 b6 4.a3 Bb7 5.Nc3 d5 6.Bg5 Be7 7.Bxf6
Bxf6 8.cxd5 exd5 9.Qb3 O-O 10.Rd1 Re8 11.e3 c6 12.Bd3 Nd7 13.O-O
Nf8 14.e4 g6 15.Bb1 Ne6 16.exd5 cxd5 17.Qa4 Re7 18.Ba2 Rc8 19.g3
Kg7 20.Rd2 Bc6 21.Qd1 Qd6 22.Ne5 Bxe5 23.dxe5 Qxe5 24.Bxd5 Qh5
25.Qxh5 gxh5 26.Bxc6 Rxc6 27.h4 Rc5 28.Rfd1 Rec7 29.Kg2 b5 30.Rd6
Rb7 31.Ra6 Rc4 32.Rd5 b4 33.axb4 Rcxb4 34.Nd1 Rd4 35.Rxd4 Nxd4
36.Ra5 Kh6 37.Ne3 Ne6 38.Nc4 Kg6 39.Kf3 Rb4 40.Ne5+ Kf6 41.Nd3
Rb3 42.Ke4 Kg6 43.Ne5+ Kf6 44.Nc4 Rb4 45.Kd3 Rb3+ 46.Kd2 Rb7
47.Rxh5 Rd7+ 48.Kc3 Kg7 49.Ra5 Rc7 50.b4 Kf6 51.Rh5 Kg7 52.Rd5
Rb7 53.Kb3 h6 54.Nd6 Rb6 55.Nc4 Rb7 56.f4 Kf8 57.f5 Ng7 58.g4
Kg8 59.h5 Kh7 60.Rd8 f6 61.Ne3 1-0

[Event "Team men PL chess 2021"]
[Site "?"]
[Date "2021.05.10"]
[Round "9.7"]
[White "Petrov, Nikita"]
[Black "Matlakov, Maxim"]
[Result "1/2-1/2"]
[WhiteElo "2550"]
[BlackElo "2688"]
[PlyCount "37"]
[EventDate "2021.??.??"]

1.d4 Nf6 2.c4 g6 3.Nc3 Bg7 4.e4 d6 5.Be2 O-O 6.Be3 Nc6 7.d5 Ne5
8.h3 e6 9.Nf3 Nxf3+ 10.Bxf3 Nd7 11.Qd2 Nc5 12.O-O a5 13.Rae1
Re8 14.e5 Bxe5 15.Bxc5 Bxc3 16.Qxc3 dxc5 17.dxe6 Rxe6 18.Rxe6
Bxe6 19.Bxb7 1/2-1/2

[Event "Team men PL chess 2021"]
[Site "?"]
[Date "2021.05.10"]
[Round "9.8"]
[White "Alekseenko, Kirill"]
[Black "Zakhartsov, Vladimir"]
[Result "1-0"]
[WhiteElo "2699"]
[BlackElo "2496"]
[PlyCount "109"]
[EventDate "2021.??.??"]

1.e4 e5 2.Nf3 Nf6 3.Nxe5 d6 4.Nf3 Nxe4 5.d4 Be7 6.Bd3 Nf6 7.h3
O-O 8.O-O Re8 9.a3 c5 10.Nc3 a6 11.dxc5 dxc5 12.Ne5 Nbd7 13.Bf4
Nxe5 14.Bxe5 Be6 15.Qf3 Bd6 16.Rfe1 Bxe5 17.Rxe5 Qd4 18.Rae1
b5 19.R1e3 Rad8 20.Qc6 b4 21.axb4 cxb4 22.Na4 Bd7 23.Rxe8+ Bxe8
24.Qxa6 Bxa4 25.Qxa4 Qxb2 26.Bc4 Qc1+ 27.Kh2 Qd2 28.Rf3 Qd6+
29.g3 Qc5 30.Bb3 h5 31.Qa6 h4 32.gxh4 Qe5+ 33.Kg2 Nd5 34.Qc4
Rd6 35.Qc8+ Kh7 36.Qf5+ Rg6+ 37.Kf1 Qa1+ 38.Ke2 Qa6+ 39.Ke1 Qa1+
40.Kd2 Ne7 41.Qh5+ Rh6 42.Qxf7 Qd4+ 43.Ke2 Rd6 44.Qh5+ Rh6 45.Qf7
Rd6 46.Rd3 Qe5+ 47.Re3 Qa1 48.Qh5+ Rh6 49.Qg4 Rd6 50.Qh5+ Rh6
51.Qc5 Ng6 52.Re4 Qh1 53.Qd5 Nh8 54.Qg8+ Kg6 55.Qe8+ 1-0

[Event "Team men PL chess 2021"]
[Site "?"]
[Date "2021.05.10"]
[Round "9.9"]
[White "Makarian, Rudik"]
[Black "Esipenko, Andrey"]
[Result "0-1"]
[WhiteElo "2481"]
[BlackElo "2701"]
[PlyCount "66"]
[EventDate "2021.??.??"]

1.d4 Nf6 2.c4 e6 3.Nf3 d5 4.Nc3 h6 5.cxd5 exd5 6.Bf4 Bd6 7.e3
Bxf4 8.exf4 O-O 9.Ne5 Nc6 10.Be2 Ne7 11.Bd3 c5 12.dxc5 Qa5 13.O-O
Qxc5 14.Qa4 Rd8 15.Rac1 Qb6 16.Qa3 Nf5 17.Nb5 Nd6 18.Nxd6 Rxd6
19.Rc2 Be6 20.Rfc1 Ne4 21.h3 Rad8 22.g4 Nf6 23.Rc5 a6 24.f5 Bd7
25.Rc7 Re8 26.Rxb7 Qxb7 27.Qxd6 Qxb2 28.Re1 Qc3 29.Re3 d4 30.Bc4
dxe3 31.Bxf7+ Kh7 32.Bg6+ Kh8 33.Bxe8 exf2+ 0-1

[Event "Team men PL chess 2021"]
[Site "?"]
[Date "2021.05.10"]
[Round "9.10"]
[White "Sakaev, Konstantin"]
[Black "Afanasiev, Nikita"]
[Result "1/2-1/2"]
[WhiteElo "2604"]
[BlackElo "2522"]
[PlyCount "55"]
[EventDate "2021.??.??"]

1.Nf3 c5 2.c4 Nf6 3.Nc3 Nc6 4.d4 cxd4 5.Nxd4 e6 6.a3 d5 7.cxd5
exd5 8.Bg5 Be7 9.e3 O-O 10.Be2 h6 11.Bh4 Be6 12.O-O Ne4 13.Nxe6
fxe6 14.Bxe7 Nxc3 15.Bxd8 Nxd1 16.Bh4 Nxb2 17.Rfb1 Nc4 18.Rxb7
Rab8 19.Rc7 Rbc8 20.Rxc8 Rxc8 21.g4 Rb8 22.Bg3 Rb3 23.a4 Rb2
24.Kf1 N6a5 25.Rd1 Ra2 26.h4 Rxa4 27.e4 Nb6 28.exd5 1/2-1/2

[Event "Team men PL chess 2021"]
[Site "?"]
[Date "2021.05.10"]
[Round "9.11"]
[White "Kukhmazov, Arsen"]
[Black "Ponkratov, Pavel"]
[Result "1/2-1/2"]
[WhiteElo "2458"]
[BlackElo "2624"]
[PlyCount "65"]
[EventDate "2021.??.??"]

1.d4 Nf6 2.c4 e6 3.Nf3 d5 4.g3 dxc4 5.Bg2 a6 6.O-O Nc6 7.e3 Rb8
8.Nfd2 e5 9.Bxc6+ bxc6 10.dxe5 Ng4 11.Nxc4 Be6 12.Nbd2 h5 13.f3
Rb4 14.fxg4 Bxc4 15.Nxc4 Qxd1 16.Rxd1 Rxc4 17.gxh5 Rxh5 18.Rd4
Rc2 19.Rd2 Rc5 20.b3 Rcxe5 21.Rc2 Rc5 22.Re2 Rce5 23.Bb2 Re6
24.Kg2 Bd6 25.Rc1 Reh6 26.Kg1 Bxg3 27.hxg3 Rh1+ 28.Kg2 R6h2+
29.Kf3 Rxe2 30.Kxe2 Rh2+ 31.Kf3 Rxb2 32.Rxc6 Rxa2 33.Rxc7 1/2-1/2

[Event "Team men PL chess 2021"]
[Site "?"]
[Date "2021.05.10"]
[Round "9.12"]
[White "Goganov, Aleksey"]
[Black "Vetokhin, Savva"]
[Result "1/2-1/2"]
[WhiteElo "2582"]
[BlackElo "2270"]
[PlyCount "71"]
[EventDate "2021.??.??"]

1.Nf3 Nf6 2.g3 b5 3.Bg2 Bb7 4.Na3 a6 5.c4 b4 6.Nc2 e6 7.d4 a5
8.O-O Be7 9.d5 exd5 10.Nh4 c6 11.cxd5 cxd5 12.Nf5 O-O 13.Nce3
Na6 14.b3 Nc7 15.Bb2 Ne6 16.Rc1 Bc6 17.Rc2 a4 18.Nxd5 Nxd5 19.Bxd5
axb3 20.axb3 Bxd5 21.Qxd5 Bf6 22.Bxf6 Qxf6 23.e3 Ra3 24.Rfc1
g6 25.Nd6 Ra1 26.Rxa1 Qxa1+ 27.Kg2 Qa8 28.Qf3 f5 29.h4 Rb8 30.Qxa8
Rxa8 31.Nb5 Ra5 32.Nd4 Nxd4 33.exd4 Ra3 34.Rc7 Rxb3 35.Rxd7 Rd3
36.d5 1/2-1/2

[Event "Team men PL chess 2021"]
[Site "?"]
[Date "2021.05.10"]
[Round "9.13"]
[White "Truskavetsky, Alexandr"]
[Black "Andreikin, Dmitry"]
[Result "0-1"]
[WhiteElo "2387"]
[BlackElo "2725"]
[PlyCount "110"]
[EventDate "2021.??.??"]

1.d4 g6 2.Nf3 Bg7 3.g3 c5 4.dxc5 Qa5+ 5.Nfd2 Qxc5 6.Bg2 Nc6 7.Nb3
Qh5 8.h3 d6 9.c4 Qf5 10.Nc3 Nf6 11.g4 Qd7 12.Bf4 b6 13.O-O Bb7
14.Qd2 O-O 15.Nd5 Rfd8 16.Rfd1 Rac8 17.Rac1 Qe8 18.Bg5 Nxd5 19.cxd5
Ne5 20.Qb4 h6 21.Bf4 Rxc1 22.Rxc1 Rc8 23.Rxc8 Qxc8 24.Nd4 Qc4
25.Qxc4 Nxc4 26.Nc6 Bxb2 27.Nxa7 g5 28.Bg3 Kf8 29.e4 Be5 30.Bf1
Nd2 31.Bd3 e6 32.Nc6 Nf3+ 33.Kf1 Bxg3 34.fxg3 Bxc6 35.dxc6 Ke7
36.Kf2 Ne5 37.Bb5 Kd8 38.Ke3 Kc7 39.Kd4 Nxc6+ 40.Kc4 Ne5+ 41.Kd4
Kd8 42.Ba4 Nd7 43.Bb5 Nc5 44.Bc6 Na6 45.Kc4 Nc7 46.Kd4 Ke7 47.Bb7
Nb5+ 48.Kc4 Na7 49.a4 Kd7 50.Ba6 Kc6 51.Kb4 d5 52.exd5+ Kxd5
53.Bb7+ Kd4 54.a5 bxa5+ 55.Kxa5 Ke3 0-1

[Event "Team men PL chess 2021"]
[Site "?"]
[Date "2021.05.10"]
[Round "9.14"]
[White "Dreev, Aleksey"]
[Black "Musalov, Ruslan"]
[Result "1-0"]
[WhiteElo "2647"]
[BlackElo "2359"]
[PlyCount "85"]
[EventDate "2021.??.??"]

1.d4 g6 2.e4 Bg7 3.c4 d6 4.Nc3 Nc6 5.Nge2 e5 6.Be3 Nf6 7.f3 O-O
8.d5 Ne7 9.Qd2 c6 10.Nc1 Nh5 11.Nd3 f5 12.Be2 cxd5 13.cxd5 Bd7
14.O-O-O Qa5 15.Kb1 Rfc8 16.g4 fxg4 17.fxg4 Nf6 18.Nf2 a6 19.g5
Nh5 20.Bg4 Bxg4 21.Nxg4 Rc4 22.Rhf1 Nf5 23.exf5 Rxg4 24.f6 Bf8
25.Qe2 Rh4 26.Rc1 Rc8 27.a3 Rhc4 28.Qg2 Kh8 29.Rc2 b5 30.Rfc1
b4 31.Na2 Rxc2 32.Rxc2 Rxc2 33.Qxc2 Qxd5 34.Nxb4 Qe6 35.Nxa6
Nf4 36.Nc7 Qg4 37.Qb3 Qf5+ 38.Ka2 Qd7 39.Qb8 Kg8 40.Bxf4 Qf7+
41.Qb3 Qxb3+ 42.Kxb3 exf4 43.Kc4 1-0

[Event "Team men PL chess 2021"]
[Site "?"]
[Date "2021.05.10"]
[Round "9.15"]
[White "Alexeev, Alexey"]
[Black "Alekseev, Evgeny"]
[Result "1/2-1/2"]
[WhiteElo "2243"]
[BlackElo "2617"]
[PlyCount "74"]
[EventDate "2021.??.??"]

1.e4 c5 2.Nf3 Nc6 3.Bb5 g6 4.O-O Bg7 5.Bxc6 dxc6 6.d3 Nf6 7.Nc3
b6 8.Be3 O-O 9.h3 Re8 10.Qd2 e5 11.Bh6 Nh5 12.Bxg7 Kxg7 13.Ne2
Qf6 14.Kh2 Bd7 15.Nfg1 Rad8 16.Qe3 Bc8 17.b3 Qd6 18.Kh1 Nf4 19.Rae1
h6 20.Kh2 Ne6 21.g3 b5 22.f4 exf4 23.gxf4 c4 24.bxc4 bxc4 25.d4
f5 26.Nf3 c5 27.e5 Qd5 28.dxc5 Qxc5 29.Qxc5 Nxc5 30.Rd1 Kf7 31.Nfd4
Bb7 32.Rb1 Rd7 33.Rb5 Ne6 34.c3 Ng7 35.Rfb1 Be4 36.R1b4 Bd3 37.Ng1
Be4 1/2-1/2

[Event "Team men PL chess 2021"]
[Site "?"]
[Date "2021.05.10"]
[Round "9.16"]
[White "Rublevsky, Sergei"]
[Black "Babakekhyan, Artem"]
[Result "1-0"]
[WhiteElo "2642"]
[BlackElo "2236"]
[PlyCount "77"]
[EventDate "2021.??.??"]

1.e4 c6 2.d4 d5 3.e5 Bf5 4.Nd2 e6 5.Nb3 c5 6.dxc5 Bxc5 7.Nxc5
Qa5+ 8.c3 Qxc5 9.Be3 Qc7 10.f4 Nc6 11.Nf3 Nge7 12.Be2 O-O 13.O-O
h6 14.Rc1 Be4 15.Nd2 Bh7 16.Nb3 Na5 17.Nxa5 Qxa5 18.Qb3 Be4 19.Qb4
Qc7 20.c4 Nc6 21.Qa3 Rfd8 22.Bc5 dxc4 23.Rxc4 Bd5 24.Rcc1 Rac8
25.Qe3 Qa5 26.a3 Qa4 27.b4 b6 28.Bd6 Nb8 29.Qd3 Qd7 30.f5 Qb7
31.f6 g6 32.Qe3 Kh7 33.Rxc8 Rxc8 34.Rf4 Qc6 35.Bxb8 g5 36.Rg4
Rxb8 37.Rxg5 hxg5 38.Qxg5 Rg8 39.Qh5# 1-0

[Event "Team men PL chess 2021"]
[Site "?"]
[Date "2021.05.10"]
[Round "9.17"]
[White "Pervakov, Sergey"]
[Black "Potkin, Vladimir"]
[Result "0-1"]
[WhiteElo "2056"]
[BlackElo "2578"]
[PlyCount "134"]
[EventDate "2021.??.??"]

1.d4 Nf6 2.Nf3 g6 3.Bf4 Bg7 4.e3 O-O 5.Be2 d6 6.h3 c5 7.c3 Qb6
8.Qb3 Be6 9.Qxb6 axb6 10.a3 Bd5 11.O-O Bc6 12.Nbd2 Rc8 13.Rfe1
Nbd7 14.Bf1 Ne4 15.Rad1 h6 16.Nxe4 Bxe4 17.Bb5 Nf6 18.Nd2 Bc6
19.Bd3 Nd7 20.Bg3 b5 21.Nf3 e5 22.dxe5 dxe5 23.e4 c4 24.Bc2 Re8
25.Nd2 Nc5 26.Nf1 Rad8 27.f3 f6 28.Ne3 Kf7 29.Bf2 Bf8 30.Kf1
Nd3 31.Bxd3 cxd3 32.Rd2 Rd7 33.Red1 Red8 34.g4 Ke6 35.Kg2 h5
36.Nf1 hxg4 37.hxg4 Bh6 38.Be3 Bf4 39.Re1 Rh8 40.Ng3 Rdh7 41.Bxf4
exf4 42.Nf1 Rd8 43.Rdd1 Kf7 44.Nd2 f5 45.Rh1 Rxh1 46.Rxh1 fxg4
47.fxg4 Kf6 48.Rh3 Ke5 49.Kf3 Bxe4+ 50.Nxe4 d2 51.Nf2 d1Q+ 52.Nxd1
Rd3+ 53.Kg2 Rxd1 54.Rh8 Kf6 55.Kf3 Kg5 56.Rb8 Rd3+ 57.Ke2 Re3+
58.Kf2 Kxg4 59.Rxb7 Re5 60.Ra7 f3 61.a4 Re2+ 62.Kf1 Rxb2 63.Rg7
g5 64.axb5 Kf4 65.c4 g4 66.Rf7+ Kg3 67.Ke1 Kg2 0-1

[Event "Team men PL chess 2021"]
[Site "?"]
[Date "2021.05.10"]
[Round "9.19"]
[White "Shubin, Kirill"]
[Black "Malakhov, Vladimir"]
[Result "0-1"]
[WhiteElo "2481"]
[BlackElo "2665"]
[PlyCount "72"]
[EventDate "2021.??.??"]

1.e4 e5 2.Nf3 Nc6 3.d4 exd4 4.Nxd4 Bc5 5.Nb3 Bb6 6.Nc3 Nf6 7.Bg5
h6 8.Bh4 d6 9.f3 O-O 10.Qe2 Be6 11.O-O-O Re8 12.g4 a5 13.Na4
Ba7 14.Qg2 Ne5 15.Nd4 Ng6 16.Bg3 d5 17.Nc3 c6 18.Nf5 Bb8 19.h4
Bxg3 20.Nxg3 Qc7 21.g5 hxg5 22.hxg5 Qf4+ 23.Kb1 Qxg5 24.Qh2 dxe4
25.Ngxe4 Nxe4 26.Nxe4 Qe5 27.Qh7+ Kf8 28.Rh5 Qf4 29.Bd3 Rad8
30.Nc3 b5 31.Bxg6 Rxd1+ 32.Nxd1 Qxf3 33.Rh1 fxg6 34.Qh2 Bf5 35.Nc3
b4 36.Na4 Bxc2+ 0-1

[Event "Team men PL chess 2021"]
[Site "?"]
[Date "2021.05.10"]
[Round "9.20"]
[White "Inarkiev, Ernesto"]
[Black "Lobanov, Sergei"]
[Result "1-0"]
[WhiteElo "2654"]
[BlackElo "2515"]
[PlyCount "81"]
[EventDate "2021.??.??"]

1.c4 e5 2.Nc3 Nf6 3.Nf3 Nc6 4.e3 Bb4 5.Qc2 O-O 6.Nd5 Re8 7.Qf5
d6 8.Nxf6+ gxf6 9.Qc2 d5 10.a3 Bf8 11.cxd5 Qxd5 12.Bc4 Bf5 13.d3
Qd7 14.e4 Be6 15.Be3 f5 16.Bxe6 Rxe6 17.exf5 Rd6 18.Ng5 Qxf5
19.Ne4 Rg6 20.O-O-O Rd8 21.Kb1 Rxg2 22.Bg5 Be7 23.Bxe7 Nxe7 24.Qxc7
Nc6 25.Qxb7 Rg6 26.Rhg1 Rxd3 27.Rxg6+ hxg6 28.Rxd3 Qxe4 29.Qb3
Nd4 30.Qd1 a5 31.f3 Qf5 32.b3 Qh3 33.f4 Qxh2 34.fxe5 Nb5 35.Qd2
Qxe5 36.Qxa5 Qf5 37.Qd8+ Kg7 38.a4 Qf1+ 39.Ka2 Qf2+ 40.Rd2 Nc3+
41.Kb2 1-0

[Event "Team men PL chess 2021"]
[Site "?"]
[Date "2021.05.10"]
[Round "9.21"]
[White "Usmanov, Vasily"]
[Black "Sjugirov, Sanan"]
[Result "0-1"]
[WhiteElo "2443"]
[BlackElo "2663"]
[PlyCount "68"]
[EventDate "2021.??.??"]

1.e4 c5 2.Be2 Nc6 3.d3 e6 4.f4 d5 5.Nf3 Bd6 6.O-O Nge7 7.Qe1
O-O 8.Qh4 f6 9.Nc3 a6 10.Bd2 b5 11.Rae1 Bd7 12.Bd1 c4 13.a3 b4
14.axb4 cxd3 15.e5 Bxb4 16.cxd3 Nf5 17.Qh3 Rb8 18.Nxd5 Bxd2 19.Nxd2
Qa5 20.Nc3 Rxb2 21.Nde4 fxe5 22.fxe5 Nxe5 23.d4 Qb6 24.Nc5 Qd6
25.Nxe6 Bxe6 26.dxe5 Qd4+ 27.Kh1 Rf2 28.Rxf2 Qxf2 29.Rg1 Qd4
30.Bc2 Qxe5 31.Qd3 h6 32.g4 Ne3 33.Re1 Rf2 34.Qh7+ Kf8 0-1

[Event "Team men PL chess 2021"]
[Site "?"]
[Date "2021.05.10"]
[Round "9.22"]
[White "Sarana, Alexey"]
[Black "Popov, Valerij"]
[Result "1/2-1/2"]
[WhiteElo "2649"]
[BlackElo "2535"]
[PlyCount "41"]
[EventDate "2021.??.??"]

1.d4 d5 2.c4 c6 3.Nf3 Nf6 4.Nc3 dxc4 5.a4 Bf5 6.Ne5 e6 7.f3 Bb4
8.Nxc4 O-O 9.Kf2 c5 10.Na2 Nc6 11.Nxb4 Nxb4 12.e4 Bxe4 13.fxe4
Nxe4+ 14.Kg1 Rc8 15.Qe2 Qd5 16.dxc5 Rfd8 17.Be3 Nxc5 18.h4 Nb3
19.Ra3 Nd4 20.Qd2 Rxc4 21.Bxc4 1/2-1/2

[Event "Team men PL chess 2021"]
[Site "?"]
[Date "2021.05.10"]
[Round "9.23"]
[White "Saveliev, Alexei"]
[Black "Grachev, Boris"]
[Result "1/2-1/2"]
[WhiteElo "2372"]
[BlackElo "2619"]
[PlyCount "89"]
[EventDate "2021.??.??"]

1.e4 e6 2.d4 d5 3.Nd2 a6 4.Ngf3 c5 5.exd5 exd5 6.dxc5 Bxc5 7.Bd3
Qe7+ 8.Be2 Nf6 9.O-O O-O 10.Nb3 Ba7 11.Bg5 Nc6 12.Bh4 h6 13.Qd2
Qe6 14.Rad1 Ne4 15.Qxd5 Nxf2 16.Bxf2 Qxe2 17.Bxa7 Rxa7 18.Nfd4
Qe3+ 19.Kh1 Nxd4 20.Nxd4 Qe7 21.Rfe1 Qc7 22.h3 Ra8 23.c4 a5 24.c5
Ra6 25.Nb5 Qc6 26.Qd6 Qxd6 27.Rxd6 Ra8 28.Re7 a4 29.a3 Ra5 30.Rb6
Rd8 31.Rc7 Rd1+ 32.Kh2 Be6 33.Nc3 Rd2 34.Rbxb7 Bb3 35.Ra7 Rxa7
36.Rxa7 Rxb2 37.c6 Rc2 38.c7 Rxc3 39.Ra8+ Kh7 40.c8Q Rxc8 41.Rxc8
Kg6 42.Kg3 Kf5 43.Re8 h5 44.h4 f6 45.Kf2 1/2-1/2

[Event "Team men PL chess 2021"]
[Site "?"]
[Date "2021.05.10"]
[Round "9.24"]
[White "Popov, Ivan"]
[Black "Timerkhanov, Alexander"]
[Result "1-0"]
[WhiteElo "2630"]
[BlackElo "2403"]
[PlyCount "35"]
[EventDate "2021.??.??"]

1.e4 c5 2.Nc3 d6 3.d4 cxd4 4.Qxd4 Nc6 5.Qd2 g6 6.b3 Bh6 7.f4
e5 8.Nb5 Bxf4 9.Qxd6 Qxd6 10.Nxd6+ Kf8 11.Ba3 Kg7 12.Ne8+ Kh6
13.Bf8+ Kh5 14.Ng7+ Kg5 15.Nf3+ Kh6 16.Nf5+ Kh5 17.Ng3+ Kg4 18.Kf2 1-0